000 00678nam a2200121Ia 4500
008 220615s9999||||xx |||||||||||||| ||und||
100 _aJacob, Frank
245 0 _aRosa Luxemburg
_bLiving and Thinking the Revolution
546 _aEnglish[eng]
650 _aRosa Luxemburg||Socialism||labor movement||revolution||revolutionary socialist||biography||Karl Liebknecht||revolutionist||revolutionary processes||revolutionary practice||revolutionary theory||Marxism||democratic socialism||Eduard Bernstein||Russian Revolution 1905, Russian Revolution 1917, German Revolution 1918/19
856 _uhttps://library.oapen.org/bitstream/20.500.12657/52970/1/9783963177897.pdf
942 _cEB
999 _c17917
_d17917